000 00655nam a22002177a 4500
003 UA-OsUOA
001 51711
007 ta
008 20141008b un ||||| |||| 00| 0 ukr d
090 _a82-94
_bО-53
942 _cBK
040 _aUA-OsUOA
_bukr
_cUA-OsUOA
_dUA-OsUOA
245 _aОлена Степанів - Роман Дашкевич. Спогади і нариси
_cупор. .Г Сварник
300 _a632 с., XLVIII с. іл. с.
955 _a1
041 _aukr
080 _a82-94
260 _aЛьвів
_bПіраміда
_c2009
650 7 _a82 Література. Літературознавство
_2UDC
999 _c431835
_d431835